00476nam a22001457a 450000500170000002000180001704100120003508200160004710000220006324501950008525000070028026000240028730000080031136500110031920260617161147.0 a9788198510884 aEnglish aT16 R25 STE aStephen Jeyaseela aThamizhagathin Kaalaniya Kattumaanathil Theyilai, Kaapikottai Mattrum Pugaiyilai Arimugamum Varthegamum, Pala Vagaiyaana Mathupaanangal Vanigamum Nugarvum, Samoogathin Seerazhivum, 1545-1877 a01 aChennaibNCBHc2025 a158 b140.00